000 00828nam a2200217Ii 4500
003 JO-AjNU
008 230605s9999||||xx |||||||||||||| ||und||
017 _a89/708
040 _aJO-AjNU
_bara
_erda
_cJO-AjNU
041 _aara
050 1 4 _aBP135.A2.M2 1996
100 3 _aبن أنس، مالك ؛ السيوطي، جلال الدين عبد الرحمن ؛ مراجعة واشراف: نخبة من العلماء,
_eauthor
_956445
245 0 0 _aالموطأ وملحق به كتاب إسعاف المبطأ برجال الموطأ
250 _aط3
264 3 1 _aبيروت: دار ابن حزم، 1996
300 _a997ص
336 _atext
_btxt
_2rdacontent
337 _aunmediated
_bn
_2rdamedia
338 _avolume
_bnc
_2rdacarrier
650 4 _aالفقه المالكي- الحديث- المسانيد
_956446
999 _aA25235
_c28803
_d28803